<?xml version="1.0" encoding="UTF-8"?>
<record
    xmlns:xsi="http://www.w3.org/2001/XMLSchema-instance"
    xsi:schemaLocation="http://www.loc.gov/MARC21/slim http://www.loc.gov/standards/marcxml/schema/MARC21slim.xsd"
    xmlns="http://www.loc.gov/MARC21/slim">

  <leader>00723nam a2200181 i 4500</leader>
  <controlfield tag="001">21831</controlfield>
  <controlfield tag="003">ES-MaACL</controlfield>
  <controlfield tag="005">20250514194820.0</controlfield>
  <controlfield tag="007">t|</controlfield>
  <controlfield tag="008">021128s1960    sp           |||| | spa d</controlfield>
  <datafield tag="100" ind1="1" ind2=" ">
    <subfield code="a">Aleixandre, Vicente,</subfield>
    <subfield code="d">1898-1984</subfield>
    <subfield code="9">19688</subfield>
  </datafield>
  <datafield tag="245" ind1="1" ind2="0">
    <subfield code="a">Poes&#xED;as completas </subfield>
    <subfield code="b">: &#xC1;mbito ; Pasi&#xF3;n de la tierra ; Espadas como labios ; La destrucci&#xF3;n o el amor ; Mundo a solas ; Sombra del para&#xED;so ; Nacimiento &#xFA;ltimo ; Historia del coraz&#xF3;n ; Poemas varios / </subfield>
    <subfield code="c">Vicente Aleixandre ; pr&#xF3;logo de Carlos Bouso&#xF1;o.</subfield>
  </datafield>
  <datafield tag="260" ind1=" " ind2=" ">
    <subfield code="a">Madrid : </subfield>
    <subfield code="b">Aguilar, </subfield>
    <subfield code="c">1960.</subfield>
  </datafield>
  <datafield tag="300" ind1=" " ind2=" ">
    <subfield code="a">865 p. ; </subfield>
    <subfield code="c">21 cm.</subfield>
  </datafield>
  <datafield tag="700" ind1="1" ind2=" ">
    <subfield code="a">Bouso&#xF1;o, Carlos,</subfield>
    <subfield code="d">1923-2015</subfield>
    <subfield code="9">31032</subfield>
  </datafield>
  <datafield tag="852" ind1=" " ind2=" ">
    <subfield code="a">ES-MaACL</subfield>
    <subfield code="j">C-17650</subfield>
  </datafield>
  <datafield tag="999" ind1=" " ind2=" ">
    <subfield code="c">21831</subfield>
    <subfield code="d">21831</subfield>
  </datafield>
  <datafield tag="952" ind1=" " ind2=" ">
    <subfield code="0">0</subfield>
    <subfield code="1">0</subfield>
    <subfield code="4">0</subfield>
    <subfield code="7">0</subfield>
    <subfield code="a">ATENEOM</subfield>
    <subfield code="b">ATENEOM</subfield>
    <subfield code="c">Galer&#xED;a</subfield>
    <subfield code="d">2008-01-17</subfield>
    <subfield code="e">SC</subfield>
    <subfield code="l">0</subfield>
    <subfield code="o">C-17650</subfield>
    <subfield code="p">1022438</subfield>
    <subfield code="r">2023-02-23 00:00:00</subfield>
    <subfield code="w">2023-02-23</subfield>
    <subfield code="y">MONOGRAFIA</subfield>
  </datafield>
</record>
